Alphabet (Phonics And Fun) Animals (Old Version) - Statistics

General Stats
  • This quiz has been taken 40 times
  • The average score is 21 of 26
Answer Stats
Picture Hint Answer % Correct
A Alligator
100%
B Bear
100%
D Dog
100%
C Chameleon
96%
E Elephant
88%
H Horse
88%
L Lion
88%
M Monkey
88%
F Flamingo
85%
G Gorilla
85%
K Kangaroo
85%
S Snake
85%
I Iguana
81%
J Jaguar
81%
O Ostrich
81%
P Peacock
81%
T Tiger
81%
Z Zebra
81%
Q Quail
77%
W Wolf
77%
Y Yak
77%
R Rhinoceros
73%
V Vulture
73%
N Nightingale
62%
X X-Ray Fish
58%
U Umbrella Bird
50%
No matching quizzes found
Score Distribution
Percent of People with Each Score
Percentile by Number Answered
Your Score History
You have not taken this quiz